Practical Course for Developing Writing Skills in English (Record no. 367689)

MARC details
000 -LEADER
fixed length control field 02109nam a22001937a 4500
005 - DATE AND TIME OF LATEST TRANSACTION
control field 20250911153729.0
008 - FIXED-LENGTH DATA ELEMENTS--GENERAL INFORMATION
fixed length control field 250909b |||||||| |||| 00| 0 eng d
020 ## - INTERNATIONAL STANDARD BOOK NUMBER
International Standard Book Number 9788120342873
041 ## - LANGUAGE CODE
Language code of text/sound track or separate title English
082 ## - DEWEY DECIMAL CLASSIFICATION NUMBER
Item number GAN
Classification number 372.6
100 ## - MAIN ENTRY--PERSONAL NAME
Author Gangal J.K.
245 ## - TITLE STATEMENT
Title Practical Course for Developing Writing Skills in English
260 ## - PUBLICATION, DISTRIBUTION, ETC.
Place of publication, distribution, etc. Delhi
Name of publisher, distributor, etc. PHI Learning
Date of publication, distribution, etc. 2025
300 ## - PHYSICAL DESCRIPTION
Extent 360
365 ## - TRADE PRICE
Price amount 601.05
Currency code Rs.00
520 ## - SUMMARY, ETC.
Summary, etc. Part I: Learning to Write<br/>1. The Writing Process<br/>2. Controlled and Guided Composition<br/>Part II: Functional Grammar<br/>3. Parts of Speech: A Quick Review<br/>4. Subject–Verb Agreement<br/>5. Determiners<br/>6. Revisiting Tenses<br/>7. Speech<br/>8. Active and Passive Direct—A Review<br/>9. Conditionals<br/>10. Modals<br/>Part III 11. Common Errors and Their Rectification<br/>Part IV: Working with Words<br/>12. Vocabulary Enrichment<br/>13. Methods and Strategies of Vocabulary Enrichment<br/>14. Synonyms and Antonyms<br/>15. Prefixes and Suffixes<br/>16. One Word For and Odd Word Out<br/>17. Frequently Used Foreign Words and Phrases<br/>18. Hymonym: The Problem Words<br/>19. Phrasal Verbs and Idioms<br/>Part V: Composition Paragraph Writing<br/>20. Writing a Paragraph<br/>21. Writing a Free Composition [Writing an Essay]<br/>Part VI: Mechanics of Writing<br/>22. Graphics<br/>23. Spelling<br/>24. Punctuation and Capitalization<br/>Part VII: Writing with a Purpose<br/>25. Writing Personal Letters<br/>26. Writing Official/Business/Formal Letters<br/>27. Writing Applications and Résumé/CV<br/>28. Writing for Official Meetings<br/>29. Making a Diary Entry<br/>30. Note-making and Summarizing<br/>31. Abstracting and Summarizing<br/>32. Précis Writing<br/>33. Message Writing<br/>34. Letter to the Editor<br/>35. Lodging a Police Complaint<br/>36. Writing a Book Review<br/>37. Report Writing<br/>38. Writing a Memorandum (Memo)<br/>39. Advertisements and Notices<br/>40. Writing for Examinations<br/>Part VIII: Creative Writing<br/>41. Figures of Speech<br/>42. ABC of Creative Writing<br/>43. Promoting Creativity and Creative Writing<br/>44. Writing a Research Paper/Term Paper/Dissertation/Thesis<br/>45. Drawing the Curtains
650 ## - SUBJECT ADDED ENTRY--TOPICAL TERM
Topical term or geographic name entry element English Communication
942 ## - ADDED ENTRY ELEMENTS (KOHA)
Koha item type Books
Holdings
Withdrawn status Lost status Source of classification or shelving scheme Damaged status Not for loan Home library Current library Date acquired Vendor Net Price Bill number Total Checkouts Full call number Barcode Date last seen Date last checked out Actual Price Bill Date Koha item type
    Dewey Decimal Classification     School of Fashion Technology School of Fashion Technology 08/09/2025 Amazon.in 601.05 IN-7092 5 372.6 GAN SOFT-BK-4584 16/02/2026 07/02/2026 795.00 03/09/2025 Books